Every Tyrannosaur Genus - Statistics

General Stats
  • This quiz has been taken 155 times
    37 since last reset
  • The average score is 18 of 36
Answer Stats
Answer % Correct
Tyrannosaurus
95%
Daspletosaurus
84%
Nanotyrannus
84%
Proceratosaurus
84%
Albertosaurus
79%
Gorgosaurus
79%
Tarbosaurus
79%
Yutyrannus
79%
Guanlong
74%
Alioramus
68%
Nanuqsaurus
68%
Qianzhousaurus
68%
Lythronax
58%
Zhuchengtyrannus
58%
Dilong
53%
Eotyrannus
53%
Bistahieversor
47%
Dryptosaurus
47%
Sinotyrannus
47%
Suskityrannus
47%
Alectrosaurus
42%
Appalachiosaurus
42%
Teratophoneus
42%
Moros
37%
Kileskus
32%
Stokesosaurus
32%
Juratyrant
26%
Labocania
26%
Thanatotheristes
26%
Xiongguanlong
26%
Asiatyrannus
21%
Khankhuuluu
21%
Santanaraptor
21%
Bagaraatan
16%
Jinbeisaurus
16%
Timurlengia
16%
No matching quizzes found
Score Distribution
Percent of People with Each Score
Percentile by Number Answered
Your Score History
You have not taken this quiz since the last reset